Canciones de Crespo en OT2025 - Estadísticas

Estadísticas generales
  • Esta prueba ha sido intentada 14 veces
    7 desde el último reinicio
  • La puntuación promedio es 11 de 13
Estadísticas de respuestas
Gala Compañero Canción % Correcto
Gala 4 Olivia Akureyri
100%
Gala 2 María Cruz Clavaito
100%
Gala 3 Tinho El Único
100%
Gala 1 Guille Toledano Mariposas
100%
Gala 6 Solo Can't Hold Us
80%
Gala 11 Solo Columbia
80%
Gala 10 Solo COSAS QUE NO TE DIJE
80%
Gala 7 Téyou Don't Look Back In Anger
80%
Gala 5 Claudia Arenas Nada Valgo Sin Tu Amor
80%
Single Solo ROTO
80%
Gala 9 Solo Hold My Hand
60%
Gala 8 Solo Me Has Invitado a Bailar
60%
Amazon Music Original Solo Terriblemente Cruel
60%
No se encontraron pruebas coincidentes
Distribución de puntuación
Porcentaje de gente con cada puntuación
Porcentaje por número respondido
Historial de tus puntuaciones
No has intentado esta prueba desde el último reinicio